000 00635nam a2200241Ia 4500
003 OSt
005 20221007073635.0
006 a|||||r|||| 00| 0
007 ta
008 221006b |||||||| |||| 00| 0 eng d
020 _cRs.880/-
024 _a12,658
037 _cTextual
040 _aFLL
_cFLL
_beng
041 _2eng
_aeng
082 _aZ2,93, P3
100 _aSarathi Vepa. P. Au.
_9681827
245 0 _aInterpretation of statutes
260 _aLucknow
_bEastern book company India
_c2003
300 _a776p
_ccm.
942 _hZ2,93, P3
_cTEXL
_2CC
999 _c1149377
_d1149377